Case of tick fever disease in canine at animal clinic in songkat beong konseng , banlung city, ratakiri province, ករណីគ្រុនដង្កែលើសុនខនៅគ្លីនិកសត្វ ក្នុងសង្កាត់បឹងកន្សែង ក្រុងបានលុង ខេត្តរតនគីរី (Record no. 25694)

000 -LEADER
fixed length control field 00635nam a22001217a 4500
040 ## - CATALOGING SOURCE
Transcribing agency RUA
082 ## - DEWEY DECIMAL CLASSIFICATION NUMBER
Classification number DVM POU 2025 B707 Or.1
100 ## - MAIN ENTRY--AUTHOR NAME
Personal name POUCH sarorn,​ ពួច សារ៉ន
245 ## - TITLE STATEMENT
Title Case of tick fever disease in canine at animal clinic in songkat beong konseng , banlung city, ratakiri province, ករណីគ្រុនដង្កែលើសុនខនៅគ្លីនិកសត្វ ក្នុងសង្កាត់បឹងកន្សែង ក្រុងបានលុង ខេត្តរតនគីរី
260 ## - PUBLICATION, DISTRIBUTION, ETC. (IMPRINT)
Place of publication PHNOM PENH
Name of publisher RUA
Year of publication 2025
300 ## - PHYSICAL DESCRIPTION
Number of Pages ix,48p.
Other physical details ill.
Dimensions 29cm.
942 ## - ADDED ENTRY ELEMENTS (KOHA)
Koha item type MGR
952 ## - LOCATION AND ITEM INFORMATION (KOHA)
Withdrawn status [LOCAL, KOHA] 0
952 ## - LOCATION AND ITEM INFORMATION (KOHA)
Withdrawn status [LOCAL, KOHA] 0
Holdings
Permanent Location Date acquired Koha item type Lost status Shelving location Barcode Current Location Full call number
Library Block B2026-04-20MGR B707B7121083Library Block BDVM POU 2025 B707 Or.1
Library Block B2026-04-20MGR B707B7121082Library Block BDVM POU 2025 B707 Or.2
មជ្ឈមណ្ឌលឯការនៃសាកលវិទ្យាល័យភូមិន្ទកសិកម្មចំការដូង

Powered by Koha